banner-ar

CRANUNOMAXILLOFACIAL FRACTURES: PRINCIPLES OF INTERNAL FIXATION USING THE AO \ ASIF TECHNIQUE / (Record no. 11040)

MARC details
000 -الفاتح
حقل البيانات ثابتة الطول 00618nam a2200217Ia 4500
008 - عناصر البيانات ثابتة الطول - معلومات عامة
حقل البيانات ثابتة الطول 140319s9999 xx 000 0 eng d
040 ## - مصدر الفهرسة
وكالة الفهرسة الأصلية GCL /
وكالة النسخ GCL
082 04 - رقم تصنيف ديوى العشرى
رقم التصنيف 617.156
رقم المادة G C
100 1# - المدخل الرئيسى - إسم شخصى
الإسم الشخصى GREENBERZ, ALEX M.
245 10 - بيان العنوان
العنوان CRANUNOMAXILLOFACIAL FRACTURES: PRINCIPLES OF INTERNAL FIXATION USING THE AO \ ASIF TECHNIQUE /
بيان المسئوليه,etc GREENBERZ, ALEX M.
260 ## - PUBLICATION, DISTRIBUTION, ETC. (IMPRINT)
تاريخ النشر أو التوزيع 1993
300 ## - الوصف المادى
التعداد 211 P
650 04 - المدخل الاضافى بالموضوع-مصطلح موضوعى
مصطلح موضوعي METHODS
650 04 - المدخل الاضافى بالموضوع-مصطلح موضوعى
مصطلح موضوعي SURGERY
650 04 - المدخل الاضافى بالموضوع-مصطلح موضوعى
مصطلح موضوعي FRACTURE FIXATION
650 04 - المدخل الاضافى بالموضوع-مصطلح موضوعى
مصطلح موضوعي INTERNAL
650 04 - المدخل الاضافى بالموضوع-مصطلح موضوعى
مصطلح موضوعي MAXILLOFACIAL
650 04 - المدخل الاضافى بالموضوع-مصطلح موضوعى
مصطلح موضوعي SKULL FRACTURES
942 ## - عناصر المدخل الإضافي( كوها)
مصدر التصنيف او مخطط الترفيف Dewey Decimal Classification
Koha [default] item type كتاب
260 ## - PUBLICATION, DISTRIBUTION, ETC. (IMPRINT)
-- [S.N] :
-- SPRINGER - VERLAG ،
Holdings
حالة التراجع حالة الفقد حالة تلف ليس للاعارة المكان المؤقت الموقع الحالى تاريخ الاكتساب اجمالي اﻻعارات رقم الطلب الباركود تاريخ اخر مشاهدة تاريخ تفعيل السعر نوع وعاء كوها
        مكتبة القاهرة الكبرى مكتبة القاهرة الكبرى 03/26/2014   617.156\G C 22035 03/26/2014 03/26/2014 كتاب

Powered By

EGPV